LIBRARY ONLINE CATALOGUE

Audio in media / (Record no. 20193)

MARC details
000 -LEADER
fixed length control field 01495cam a22003373a 4500
001 - CONTROL NUMBER
control field 13543847
003 - CONTROL NUMBER IDENTIFIER
control field OSt
005 - DATE AND TIME OF LATEST TRANSACTION
control field 20230728125411.0
008 - FIXED-LENGTH DATA ELEMENTS--GENERAL INFORMATION
fixed length control field 040331s2005 caua b 001 0 eng d
010 ## - LIBRARY OF CONGRESS CONTROL NUMBER
LC control number 2004104856
020 ## - INTERNATIONAL STANDARD BOOK NUMBER
International Standard Book Number 0534630464
035 ## - SYSTEM CONTROL NUMBER
System control number (CStRLIN)NYUGB13045212-B
035 ## - SYSTEM CONTROL NUMBER
System control number (NNU)NYUb13045212
035 ## - SYSTEM CONTROL NUMBER
System control number (OCoLC)ocm56194200
040 ## - CATALOGING SOURCE
Original cataloging agency CJG
Transcribing agency CJG
Modifying agency DLC
050 00 - LIBRARY OF CONGRESS CALL NUMBER
Classification number TK7881.4
Item number .A48 2005
100 1# - MAIN ENTRY--PERSONAL NAME
Personal name Alten, Stanley R.
245 10 - TITLE STATEMENT
Title Audio in media /
Statement of responsibility, etc. Stanley R. Alten.
250 ## - EDITION STATEMENT
Edition statement 7th ed.
260 ## - PUBLICATION, DISTRIBUTION, ETC. (IMPRINT)
Place of publication, distribution, etc. Belmont, CA :
Name of publisher, distributor, etc. Thomson Wadsworth,
Date of publication, distribution, etc. 2005.
300 ## - PHYSICAL DESCRIPTION
Extent xxiii, 480 p. :
504 ## - BIBLIOGRAPHY, ETC. NOTE
Bibliography, etc Includes bibliographical references (p. 448-450) and index.
650 #0 - SUBJECT ADDED ENTRY--TOPICAL TERM
Topical term or geographic name as entry element Sound
General subdivision Recording and reproducing.
856 42 - ELECTRONIC LOCATION AND ACCESS
Materials specified Contributor biographical information
Uniform Resource Identifier <a href="http://www.loc.gov/catdir/enhancements/fy1103/2004104856-b.html">http://www.loc.gov/catdir/enhancements/fy1103/2004104856-b.html</a>
856 42 - ELECTRONIC LOCATION AND ACCESS
Materials specified Publisher description
Uniform Resource Identifier <a href="http://www.loc.gov/catdir/enhancements/fy1103/2004104856-d.html">http://www.loc.gov/catdir/enhancements/fy1103/2004104856-d.html</a>
856 41 - ELECTRONIC LOCATION AND ACCESS
Materials specified Table of contents only
Uniform Resource Identifier <a href="http://www.loc.gov/catdir/enhancements/fy1103/2004104856-t.html">http://www.loc.gov/catdir/enhancements/fy1103/2004104856-t.html</a>
906 ## - LOCAL DATA ELEMENT F, LDF (RLIN)
a 7
b cbc
c copycat
d 2
e epcn
f 20
g y-gencatlg
942 ## - ADDED ENTRY ELEMENTS (KOHA)
Source of classification or shelving scheme Library of Congress Classification
Koha item type General Collection
Holdings
Withdrawn status Lost status Source of classification or shelving scheme Not for loan Home library Current library Date acquired Cost, normal purchase price Total Checkouts Full call number Barcode Date last seen Price effective from Koha item type
    Library of Congress Classification   Kabarak, Main Campus Kabarak, Main Campus 28/07/2023 10734.00   TK7881.4 .A48 2005 c.1 032655 28/07/2023 28/07/2023 General Collection